| 000 | 00571nam a2200181Ia 4500 | ||
|---|---|---|---|
| 008 | 090124s9999 xx 000 0 und d | ||
| 082 |
_b3464 _a1197 |
||
| 100 | _aभिडे विद्याधर वामन | ||
| 245 | _a पण तिसरा कोण? | ||
| 250 | _a1 | ||
| 260 | _c1927 | ||
| 300 | _a357 | ||
| 600 | _aभिडे विद्याधर वामन | ||
| 630 | _a पण तिसरा कोण? | ||
| 700 | _aभिडे विद्याधर वामन | ||
| 730 | _a पण तिसरा कोण? | ||
| 942 | _cBOOK | ||
| 999 |
_c117406 _d117406 |
||